Comentario de la Ciencia Política y la sociología: para una crítica de su razón científica

Uloženo v:
Podrobná bibliografie
Médium: Text
Vydáno: s.c.e :
Tagy: Přidat tag
Žádné tagy, Buďte první, kdo vytvoří štítek k tomuto záznamu!

MARC

LEADER 00000 a a2200000 04500
001 16486
003
040
090 |a EXTRAVIADO  
245 |a Comentario de la Ciencia Política y la sociología: para una crítica de su razón científica  
260 |a s.c.e :  
300 |a 72 p.  
999 |c 16068  |d 16068